| 000 | 01359nam a2200277Ia 4500 | ||
|---|---|---|---|
| 003 | OSt | ||
| 005 | 20211026143608.0 | ||
| 008 | 210310s2014 eu ad fr 000 0dspa d | ||
| 020 | _a9781597821858 | ||
| 040 |
_aCO-JMCR _cCO-JMCR |
||
| 041 | 0 | _aspa | |
| 082 | 0 | 4 |
_a338.98 / _bC921c _223 |
| 100 | 1 |
_aCrespi, Gustavo, _915885 _eeditor |
|
| 245 | 1 | 1 |
_a¿Cómo repensar el desarrollo productivo? : _bpolíticas e instituciones sólidas para la transformación económica / _ceditado por, Gustavo Crespi, Eduardo Fernández-Arias, Ernesto Stein |
| 260 |
_aWashington D.C. : _bBanco Interamericano de Desarrollo, _c©2014 |
||
| 300 |
_axxvii, 511 páginas : _bilustraciones y gráficas a blanco y negro ; _c24 cm. |
||
| 500 | _aIncluye datos biográficos de los autores. | ||
| 504 | _aBibliografía: páginas [549]-497 | ||
| 505 | 0 | _aEl rol de las políticas de desarrollo productivo -- Políticas sólidas en áreas clave -- Instituciones para políticas exitosas | |
| 650 | 1 | 4 |
_aProductividad industrial _917826 _xAspectos económicos _zAmérica Latina |
| 650 | 2 | 4 |
_aProductividad industrial _xPolítica de gobierno _zAmérica Latina _941299 |
| 650 | 2 | 4 |
_aProductividad industrial _xInnovaciones tecnológicas _zAmérica Latina _941300 |
| 700 | 1 |
_aFernández-Arias, Eduardo, _eeditor _941301 |
|
| 700 | 1 |
_aStein, Ernesto, _eeditor _941302 |
|
| 942 |
_2ddc _cBK |
||
| 999 |
_c8628 _d8628 |
||